Statistiques concernant Nommez l'Empire

Cliquez ici pour prendre le quiz!

Statistiques générales

  • Ce quiz a été pris 122 fois
  • Le résultat moyen est 4 sur 12

Statistiques - réponses

DescriptionEmpire% Correct
Il a repris l'Empire ByzantinEmpire Ottoman
87%
Le plus grand empire contiguEmpire Mongol
61%
Premier empire à conquérir la MéditerranéeEmpire Romain
57%
Qui a conquis la majeure partie de l'Amérique latineEmpire Espagnol
46%
Qui a réussi à conquérir la France en seulement six semainesAllemagne Nazie
32%
Le plus grand empire à avoir jamais existéEmpire Britannique
25%
Premier empire mondialEmpire Portugais
20%
La dernière dynastie Chinoise HanLa Dynastie Qing
18%
Le plus grand califatCalifat Omeyyade
11%
Le plus grand empire IndienEmpire Maurya
9%
Empire ayant le plus perduréEmpire du Japon
7%
Premier empire au mondeEmpire Akkadien
5%

Distribution des résultats

Percentile par nombre de réponses

% des personnes avec chaque résultat

Votre développement - résultats

Vous n’avez pas pris ce quiz